Multiple Choice Gaming Slideshow Quiz Stats

 Plays Quiz Updated Sep 17, 2015

Score 0/20 Timer 06:00
1 Play Today
% Correct
Yoshi is 4
93.7%
The Settlers of Catan card is 2
86.6%
Angry Birds is 1
84.7%
The Rook is 2
81.5%
Montezuma I is 4
70.2%
Konami's logo is 3
69.9%
The Flush is 2
65.3%
The Sega Game Gear is 1
64.5%
The Atari Jaguar is 1
62.1%
Palkia is 4
52.2%
% Correct
The Lapis Lazuli Ore is 2
51.9%
The Argonian is 3
47.6%
The Banshee is 2
43.9%
The Sonic Boom is 4
43.5%
The Song of Time is 2
39.2%
The East Wind tile is 3
37.7%
Ifrit is 1
34.6%
Zelda Kirby is 4
29.3%
Grand Valley Speedway is 4
26.3%
The Cazador is 1
25.1%

You're not logged in!

Compare scores with friends on all Sporcle quizzes.
OR
Log In

You Might Also Like...

Show Comments

Extras

Top Quizzes Today


Score Distribution

Your Account Isn't Verified!

In order to create a playlist on Sporcle, you need to verify the email address you used during registration. Go to your Sporcle Settings to finish the process.

Report this User

Report this user for behavior that violates our Community Guidelines.

Details: